German in review:A concise of grammar (Record no. 28146)

MARC details
000 -LEADER
fixed length control field 00302nam a2200121Ia 4500
082 ## - DEWEY DECIMAL CLASSIFICATION NUMBER
Classification number 803
Item number ROS
100 ## - MAIN ENTRY--AUTHOR NAME
Personal name Roseler, R O
245 #0 - TITLE STATEMENT
Title German in review:A concise of grammar
250 ## - EDITION STATEMENT
Edition statement Ed.4
260 ## - PUBLICATION, DISTRIBUTION, ETC. (IMPRINT)
Place of publication New York
Name of publisher Holt Rinehart
Year of publication 1967
942 ## - ADDED ENTRY ELEMENTS (KOHA)
Koha item type Books
Holdings
Withdrawn status Lost status Damaged status Not for loan Home library Current library Date acquired Cost, normal purchase price Full call number Accession Number Koha item type
        RRII Library RRII Library 16/12/2021 6.95 803 ROS 08754 Books